00600nam a22001937a 450000500170000001000150001702000260003203500130005803700130007108200140008410000160009824500990011425000110021326000460022427000740027030000250034450000200036970000170038920150626164557.0 aENG-112858 c395.00a9789350351239 aEN-96390 bDBAD/PUB a344.54021 aKumar, H.L. aPractical guide to employee's compensation : cby H.L. Kumar [and] Gaurav Kumarbact & rules / a6th ed aNew DelhibUniversal Law Publishingc2012 aC-FF-1A, Dilkhush Industrial Estate, G.T. Karnal Road,bDelhie110033 axl,306p. c24cm(pbk) aIncludes index  aGaurav Kumar